Aktuálna príručka účtovníctva pre nepodnikateľské organizácie aktuálny stav: Február 2002

Bibliographic Details
Format: Book
Language:Slovak
PhysicalDescription:1 elektronický optický disk (CD-ROM)
Published: Bratislava Verlag Dashöfer 2002
Subjects:

MARC

LEADER 00000nam a2200000 a 4500
001 vtls001430802
003 SK-MaSNL
005 20260301013213.0
008 130607s2002 xo 0 slo
015 |a SNBJ2002/02-00730 
035 |a SNK000385833 
040 |a SNK  |b slo  |c SNK  |e AACR2 
044 |a xo  |c SK 
080 |a 657.1:352/354(086.86)  |2 1981 
080 |a 352/354  |2 1981 
240 1 0 |a Aktuálna príručka účtovníčka pre nepodnikateľské organizácie  |p Február 2002 
245 1 |a Aktuálna príručka účtovníctva pre nepodnikateľské organizácie  |h elektronický zdroj  |b aktuálny stav: Február 2002 
256 |a Počítačové dáta 
260 |a Bratislava  |b Verlag Dashöfer  |c 2002 
300 |a 1 elektronický optický disk (CD-ROM) 
500 |a Elektronické dokumenty 
650 0 7 |a účtovníctvo  |x organizácie nepodnikateľské  |x pokyny  |x dokumenty elektronické  |2 SNK  |9 299543 
650 0 7 |a organizácie nepodnikateľské  |x účtovníctvo  |x pokyny  |x dokumenty elektronické  |2 SNK  |9 299544 
655 7 |a elektronické dokumenty  |2 SNK  |9 70518 
730 |t Aktuálna príručka účtovníčka pre nepodnikateľské organizácie  |9 299545 
776 0 |a Aktuálna príručka účtovníčka pre nepodnikateľské organizácie tlačený text.Február 2002 
999 |c 555492  |d 557422 
952 |t P60, <03>, [BOOK], {603}  |a SNK  |b SNK  |y PREZ  |7 0  |p 17A0336330  |o snkSCDM 127/2002/2  |i snkJK 158/2002  |0 0  |1 0  |4 0  |d 2002-03-12  |l 0  |r 2005-01-02 00:00:00  |w 2026-02-23 
952 |t snkAKT 657  |a SNK  |b SNK  |y PREZ  |7 0  |p 17A0336288  |o snkSCDM 127/2002/2 D1  |i snkJK 159/2002  |0 0  |1 0  |4 0  |d 2002-03-12  |l 0  |r 2005-01-02 00:00:00  |w 2026-02-23